000 01154nam a2200325Ia 4500
001 34457
003 IT-RoPAU
008 130308s9999 xx 000 0 und d
040 _aIT-RoPAU
040 _cIT-RoPAU
041 _aINGLESE
100 _aAA.VV.
100 _gCodice Aut. SPICS: 12000
245 _aIna-French for Innovation (Bfi Dossier 22)
245 _bIna-French For Innovation (Bfi Dossier 22)
250 _a1a ed.
260 _aLONDON
260 _bBritish Film Institute
260 _c1984 [1° Ed.:1984 - Ed.Ling.Originale:1984]
300 _a"48 p. (prefazione: 4; testo: 44)"
500 _aLavoro dell'Istitutonazionale della Comunicazione Audiovisiva Sul Cinema e la Televisione Lavoro in Televisione Secondo produttori e registi interviste con Manette Bertin Sulla Politica della Produzione Ina Claude Guisard Francis Denel presenta L'Archivio programmi Ina cineteca Ina nuove Tecnologiefilmografia Ina
650 _aINDUSTRIA TELEVISIVA
650 _eCodice materia Spics: 6956
700 _aForbes Jill
700 _gCodice Aut. SPICS: 15305
942 _cBK
957 _71
999 _c73110
_d73110
999 _bSI
999 _g1